[Event "Anti Cheating Blitz Cup"]
[Site "Chess.com INT"]
[Date "2020.05.20"]
[Round "5"]
[White "Carbone, Edoardo"]
[Black "Gorgoglione, Enrico"]
[Result "1-0"]
[WhiteElo "2175"]
[BlackElo "2010"]
[PlyCount "57"]
[EventDate "2020.05.20"]
[EventType "swiss (blitz)"]
[EventRounds "11"]
[EventCountry "USA"]
[SourceTitle "CBM 196 Extra"]
[Source "ChessBase"]
[SourceDate "2020.07.31"]
[SourceVersion "1"]
[SourceVersionDate "2020.07.31"]
[SourceQuality "1"]

1. d4 c5 2. d5 d6 3. e4 e5 4. Bb5+ Bd7 5. Bxd7+ Nxd7 6. Nf3 g6 7. c4 Bg7 8. Nc3 a6 9. a4 Ne7 10. Bg5 h6 11. Be3 0-0 12. h4 f5 13. exf5 gxf5 14. h5 Nf6 15. Nh4 Ng4 16. Nxf5 Nxf5 17. Qxg4 Qb6 18. 0-0-0 Qb3 19. Bd2 Nd4 20. Qg6 Rf6 21. Qd3 Re8 22. f3 b5 23. axb5 axb5 24. cxb5 Ra8 25. Be1 Ra1+ 26. Nb1 Qxd5 27. Bc3 Qb3 28. Bxd4 cxd4 29. Qxb3+ 1-0

[Event "Anti Cheating Blitz Cup"]
[Site "Chess.com INT"]
[Date "2020.05.20"]
[Round "1"]
[White "Sonis, Francesco"]
[Black "Carbone, Edoardo"]
[Result "1-0"]
[WhiteElo "2490"]
[BlackElo "2175"]
[PlyCount "103"]
[EventDate "2020.05.20"]
[EventType "swiss (blitz)"]
[EventRounds "11"]
[EventCountry "USA"]
[SourceTitle "CBM 196 Extra"]
[Source "ChessBase"]
[SourceDate "2020.07.31"]
[SourceVersion "1"]
[SourceVersionDate "2020.07.31"]
[SourceQuality "1"]

1. d4 d5 2. c4 e6 3. Nc3 Nf6 4. Nf3 Be7 5. Bf4 0-0 6. e3 b6 7. Rc1 dxc4 8. Bxc4 Ba6 9. Bxa6 Nxa6 10. 0-0 c5 11. Qa4 Nb4 12. Rfd1 Nbd5 13. dxc5 bxc5 14. Nxd5 Nxd5 15. e4 Nxf4 16. Rxd8 Rfxd8 17. Rd1 Rxd1+ 18. Qxd1 Rd8 19. Qc2 Bf6 20. g3 Nd3 21. b3 g6 22. h4 h5 23. Qe2 Be7 24. Kg2 c4 25. bxc4 Bc5 26. Qd2 Rd6 27. e5 Rd8 28. Qh6 Bf8 29. Qg5 Rd7 30. Nd2 Be7 31. Qe3 Bc5 32. Qe2 Nxf2 33. Nb3 Nd3 34. Qe4 Bf2 35. g4 hxg4 36. Qxg4 Kh7 37. h5 Nxe5 38. Qe4 Nd3 39. hxg6+ Kg7 40. gxf7 Kxf7 41. c5 Bxc5 42. Qh7+ Ke8 43. Qg8+ Ke7 44. Nxc5 Nxc5 45. Kf2 Kd6 46. Qc8 Rc7 47. Qf8+ Re7 48. Ke3 e5 49. Qd8+ Rd7 50. Qb8+ Rc7 51. a3 Ke6 52. Qxc7 1-0

[Event "Anti Cheating Blitz Cup"]
[Site "Chess.com INT"]
[Date "2020.05.20"]
[Round "6"]
[White "Zambrano Acebo, Jean Carlos"]
[Black "Carbone, Edoardo"]
[Result "1-0"]
[WhiteElo "2001"]
[BlackElo "2175"]
[PlyCount "77"]
[EventDate "2020.05.20"]
[EventType "swiss (blitz)"]
[EventRounds "11"]
[EventCountry "USA"]
[SourceTitle "CBM 196 Extra"]
[Source "ChessBase"]
[SourceDate "2020.07.31"]
[SourceVersion "1"]
[SourceVersionDate "2020.07.31"]
[SourceQuality "1"]

1. e4 c6 2. d4 d5 3. Nc3 dxe4 4. Nxe4 Nf6 5. Nxf6+ exf6 6. Nf3 Bd6 7. Bd3 0-0 8. 0-0 Bg4 9. c3 Nd7 10. Qc2 Bxf3 11. gxf3 g6 12. Kh1 Qc7 13. Rg1 Rfe8 14. Bh6 Nf8 15. Rg4 Re7 16. Kg2 Rae8 17. h4 Re1 18. Rxe1 Rxe1 19. h5 Bh2 20. Bf1 Re8 21. Bd3 Re1 22. Bf1 Bd6 23. Bd2 Re8 24. Bd3 Qe7 25. hxg6 fxg6 26. Bh6 Kh8 27. Rh4 f5 28. Rh1 Bc7 29. c4 Qd6 30. d5 cxd5 31. cxd5 Nd7 32. Be3 Ne5 33. Bd4 Qxd5 34. Qc3 Rc8 35. Bxe5+ Qxe5 36. Qb3 Qf4 37. Qf7 Qg5+ 38. Kf1 Be5 39. Qxh7# 1-0

[Event "Amantea op 16th"]
[Site "Amantea"]
[Date "2018.09.09"]
[Round "1"]
[White "Burmakin, Vladimir"]
[Black "Carbone, Edoardo"]
[Result "1-0"]
[WhiteElo "2504"]
[BlackElo "2142"]
[PlyCount "67"]
[EventDate "2018.09.09"]
[EventType "swiss"]
[EventRounds "9"]
[EventCountry "ITA"]
[SourceTitle "CBM 186 Extra"]
[Source "ChessBase"]
[SourceDate "2018.08.24"]
[SourceVersion "1"]
[SourceVersionDate "2018.08.24"]
[SourceQuality "1"]

1. Nf3 Nf6 2. c4 e6 3. g3 d5 4. Bg2 Be7 5. 0-0 0-0 6. d4 dxc4 7. Qc2 a6 8. a4 Bd7 9. Bg5 Bc6 10. Rd1 Nbd7 11. Qxc4 Nb6 12. Qc2 Be4 13. Qc1 Bxb1 14. Qxb1 a5 15. e4 Nfd7 16. Be3 c6 17. Qc2 Bb4 18. Ne1 Bxe1 19. Rxe1 Kh8 20. Qb3 Re8 21. Red1 f5 22. exf5 exf5 23. d5 c5 24. d6 Qf6 25. Bxc5 Nxc5 26. Qxb6 Ne4 27. Qd4 Red8 28. Bxe4 fxe4 29. d7 Qe6 30. Rac1 h6 31. Rc5 b6 32. Re5 Qc6 33. Re7 Qg6 34. Qe5 1-0

[Event "Locri op 2nd"]
[Site "Locri"]
[Date "2014.04.16"]
[Round "2"]
[White "Carbone, Edoardo"]
[Black "Fracasso Pezzolato, Michele"]
[Result "1-0"]
[WhiteElo "1901"]
[BlackElo "1830"]
[PlyCount "67"]
[EventDate "2014.04.16"]
[EventType "swiss"]
[EventRounds "7"]
[EventCountry "ITA"]
[SourceTitle "EXT 2017"]
[Source "ChessBase"]
[SourceDate "2016.10.25"]
[SourceVersion "1"]
[SourceVersionDate "2016.10.25"]
[SourceQuality "1"]

1. d4 Nf6 2. Nf3 g6 3. Bf4 Bg7 4. e3 d6 5. h3 Nbd7 6. Be2 b6 7. 0-0 Bb7 8. c4 0-0 9. Nc3 Ne4 10. Nxe4 Bxe4 11. Qd2 Bb7 12. Rac1 e5 13. Bh2 e4 14. Ne1 Qe7 15. b4 Rad8 16. Nc2 c5 17. Rfd1 cxd4 18. Nxd4 Ne5 19. Nb5 Qg5 20. Bf4 Qh4 21. Nxd6 Bc8 22. Bg3 Qg5 23. h4 Qe7 24. c5 Bg4 25. Bxe5 Bxe2 26. Bxg7 Bf3 27. gxf3 Qxh4 28. Qd4 Qg5+ 29. Kf1 exf3 30. Bxf8 Qg2+ 31. Ke1 Qg1+ 32. Kd2 Qxf2+ 33. Kc3 Kxf8 34. Qh8+ 1-0

[Event "Locri op 2nd"]
[Site "Locri"]
[Date "2014.04.16"]
[Round "1"]
[White "Mrdja, Milan"]
[Black "Carbone, Edoardo"]
[Result "1-0"]
[WhiteElo "2378"]
[BlackElo "1901"]
[PlyCount "63"]
[EventDate "2014.04.16"]
[EventType "swiss"]
[EventRounds "7"]
[EventCountry "ITA"]
[SourceTitle "EXT 2017"]
[Source "ChessBase"]
[SourceDate "2016.10.25"]
[SourceVersion "1"]
[SourceVersionDate "2016.10.25"]
[SourceQuality "1"]

1. e4 c5 2. Nf3 e6 3. d4 cxd4 4. Nxd4 a6 5. Nc3 d6 6. g3 Nf6 7. Bg2 Be7 8. 0-0 0-0 9. f4 Qc7 10. g4 Nc6 11. Nb3 d5 12. exd5 Nxd5 13. Nxd5 exd5 14. f5 Bd6 15. h3 d4 16. f6 g6 17. Kh1 Be6 18. Nxd4 Nxd4 19. Qxd4 Rfd8 20. c3 Bc5 21. Qf4 Bd6 22. Qe4 Bc4 23. Rd1 Rab8 24. Rxd6 Qxd6 25. Bf4 Qe6 26. Bxb8 Rxb8 27. b3 Qxe4 28. Bxe4 Be6 29. Rd1 Kf8 30. Rd6 Ke8 31. Kg2 a5 32. c4 1-0

[Event "Messina op 2nd"]
[Site "Messina"]
[Date "2012.08.30"]
[Round "5"]
[White "Arico, Maurizio"]
[Black "Carbone, Edoardo"]
[Result "1-0"]
[WhiteElo "1843"]
[BlackElo "1824"]
[PlyCount "107"]
[EventDate "2012.08.27"]
[EventType "swiss"]
[EventRounds "8"]
[EventCountry "ITA"]
[SourceTitle "EXT 2014"]
[Source "ChessBase"]
[SourceDate "2013.11.20"]
[SourceVersion "1"]
[SourceVersionDate "2013.11.20"]
[SourceQuality "1"]

1. e4 c5 2. c3 d5 3. exd5 Qxd5 4. d4 cxd4 5. cxd4 Nc6 6. Nf3 Bg4 7. Nc3 Qd7 8. d5 Bxf3 9. gxf3 0-0-0 10. dxc6 Qxc6 11. Bd2 e5 12. Rc1 Kb8 13. Bg2 Qg6 14. 0-0 Ne7 15. Qc2 f5 16. f4 Nc6 17. Be3 e4 18. Nb5 Bd6 19. Nxd6 Rxd6 20. Rfd1 Rhd8 21. Rxd6 Qxd6 22. a3 h6 23. b4 a6 24. Qc5 Qxc5 25. Bxc5 Rd3 26. a4 Rb3 27. Rc4 b5 28. axb5 axb5 29. Bd6+ Kb7 30. Rc1 Nxb4 31. Bxb4 Rxb4 32. Rc5 g6 33. Bf1 Kb6 34. Re5 Ka5 35. Re6 g5 36. fxg5 hxg5 37. Rg6 f4 38. Rxg5 Ka6 39. h4 Ka7 40. Rxb5 Ra4 41. Re5 e3 42. h5 exf2+ 43. Kxf2 Ra6 44. Kf3 Rf6 45. Bd3 Kb7 46. Be4+ Kc7 47. Kg4 Kd6 48. Rg5 Ke7 49. Rg6 Rf8 50. h6 f3 51. Bxf3 Rf6 52. Rxf6 Kxf6 53. Kh5 Kf7 54. Bd5+ 1-0

[Event "Costa Viola op-B 5th"]
[Site "Palmi"]
[Date "2012.01.05"]
[Round "7"]
[White "Vasta, Armando"]
[Black "Carbone, Edoardo"]
[Result "0-1"]
[WhiteElo "1678"]
[BlackElo "1835"]
[PlyCount "128"]
[EventDate "2012.01.02"]
[EventType "swiss"]
[EventRounds "8"]
[EventCountry "ITA"]
[SourceTitle "EXT 2023"]
[Source "ChessBase"]
[SourceDate "2022.10.05"]
[SourceVersion "1"]
[SourceVersionDate "2022.10.05"]
[SourceQuality "1"]

1. d4 Nf6 2. c4 e6 3. Nc3 Bb4 4. Qc2 Bxc3+ 5. Qxc3 b6 6. Bg5 Bb7 7. Nf3 h6 8. Bh4 g5 9. Bg3 Ne4 10. Qc2 d6 11. Nd2 f5 12. f3 Nxd2 13. Qxd2 Qf6 14. e3 Nd7 15. Bd3 0-0-0 16. 0-0-0 Rdf8 17. Bf2 Rhg8 18. Rhg1 h5 19. Rdf1 g4 20. Be2 Qe7 21. Qd3 Rf7 22. e4 fxe4 23. fxe4 Rgf8 24. Be3 Rxf1+ 25. Rxf1 Rxf1+ 26. Bxf1 Qh4 27. Bg1 Qe1+ 28. Qd1 Qxd1+ 29. Kxd1 Bxe4 30. Ke2 c5 31. Ke3 Bb1 32. a3 Kc7 33. Be2 e5 34. d5 Ba2 35. Ke4 Bb1+ 36. Ke3 Nf6 37. Bf2 a6 38. Bh4 Nd7 39. h3 gxh3 40. gxh3 Bg6 41. Be7 b5 42. cxb5 a5 43. Kd2 Nb6 44. Bf8 Nxd5 45. Bc4 Nb6 46. Be2 Nd7 47. Be7 d5 48. Bf3 e4 49. Bg2 a4 50. h4 Kb6 51. Bh3 Ne5 52. Be6 d4 53. Bf6 Nf3+ 54. Ke2 Nh2 55. Bd8+ Kxb5 56. Bd7+ Ka6 57. Bxa4 Ng4 58. Bb3 d3+ 59. Ke1 e3 60. Bc4+ Ka7 61. Be7 Kb6 62. Bd8+ Kc6 63. Bg5 d2+ 64. Kd1 Nf2+ 0-1

[Event "Amantea op-B 9th"]
[Site "Amantea"]
[Date "2011.09.09"]
[Round "6"]
[White "Serratore, Vincenzo"]
[Black "Carbone, Edoardo"]
[Result "1/2-1/2"]
[WhiteElo "1859"]
[BlackElo "1838"]
[PlyCount "132"]
[EventDate "2011.09.04"]
[EventType "swiss"]
[EventRounds "8"]
[EventCountry "ITA"]
[SourceTitle "EXT 2014"]
[Source "ChessBase"]
[SourceDate "2013.11.20"]
[SourceVersion "1"]
[SourceVersionDate "2013.11.20"]
[SourceQuality "1"]

1. d4 Nf6 2. c3 d5 3. f4 e6 4. Nf3 c5 5. e3 Bd6 6. Bd3 Qc7 7. Nbd2 b6 8. Ne5 Bb7 9. Ndf3 a6 10. Ng5 0-0 11. Bd2 Ne4 12. h4 Qe7 13. Qh5 h6 14. Nxe4 dxe4 15. Bc2 cxd4 16. exd4 Qf6 17. 0-0-0 Qf5 18. Qe2 h5 19. Rde1 f6 20. Nc4 Bxf4 21. Bxe4 Bxd2+ 22. Kxd2 Qf4+ 23. Qe3 Qxe3+ 24. Rxe3 Bxe4 25. Rxe4 b5 26. Nb6 Ra7 27. Rxe6 Kf7 28. Rhe1 Rd8 29. a3 a5 30. Kc2 Kg6 31. b3 Kf5 32. g3 Ra6 33. Kd3 Nd7 34. Re7 Rxb6 35. Rxg7 Ne5+ 36. Kc2 Ng4 37. Ree7 Re6 38. Rxe6 Kxe6 39. Rh7 b4 40. Rxh5 Ne3+ 41. Kd3 Nf1 42. g4 bxc3 43. Rxa5 c2 44. Rc5 Nh2 45. g5 fxg5 46. Rxc2 Nf3 47. Re2+ Kf5 48. hxg5 Nxd4 49. Rf2+ Kxg5 50. Kc4 Nxb3 51. Kxb3 Rb8+ 52. Kc4 Ra8 53. Rf3 Kg4 54. Rb3 Kf5 55. Rb5+ Ke6 56. Kb4 Kd6 57. a4 Kc7 58. Ka3 Kc6 59. Kb4 Kc7 60. Kb3 Rb8 61. Kc4 Rxb5 62. axb5 Kb6 63. Kb4 Kb7 64. Kc5 Kc7 65. b6+ Kb7 66. Kb5 Kb8 1/2-1/2

[Event "Amantea op-B 9th"]
[Site "Amantea"]
[Date "2011.09.04"]
[Round "1"]
[White "Carbone, Edoardo"]
[Black "Vasta, Armando"]
[Result "1/2-1/2"]
[WhiteElo "1838"]
[BlackElo "1545"]
[PlyCount "26"]
[EventDate "2011.09.04"]
[EventType "swiss"]
[EventRounds "8"]
[EventCountry "ITA"]
[SourceTitle "EXT 2014"]
[Source "ChessBase"]
[SourceDate "2013.11.20"]
[SourceVersion "1"]
[SourceVersionDate "2013.11.20"]
[SourceQuality "1"]

1. d4 Nf6 2. c4 c5 3. Nf3 cxd4 4. Nxd4 g6 5. Nc3 Bg7 6. e3 0-0 7. Be2 Nc6 8. 0-0 d6 9. b3 Nd7 10. Bb2 Nc5 11. Nxc6 bxc6 12. Bf3 Bd7 13. Qc2 a5 1/2-1/2

[Event "St Eufemia d'Aspromonte op-B 4th"]
[Site "St Eufemia d'Aspromonte"]
[Date "2011.01.04"]
[Round "4"]
[White "Carlomagno, Vincenzo"]
[Black "Carbone, Edoardo"]
[Result "1-0"]
[WhiteElo "1870"]
[BlackElo "1647"]
[PlyCount "45"]
[EventDate "2011.01.02"]
[EventType "swiss"]
[EventRounds "8"]
[EventCountry "ITA"]
[SourceTitle "EXT 2013"]
[Source "ChessBase"]
[SourceDate "2012.11.22"]
[SourceVersion "1"]
[SourceVersionDate "2012.11.22"]
[SourceQuality "1"]

1. e4 d5 2. exd5 Qxd5 3. Nc3 Qa5 4. d4 Nf6 5. Nf3 Bg4 6. h3 Bh5 7. g4 Bg6 8. Ne5 Nbd7 9. Nc4 Qa6 10. d5 b5 11. Nxb5 Qb7 12. Nc3 a5 13. Bg2 Nb6 14. Nxb6 cxb6 15. 0-0 0-0-0 16. g5 Ne8 17. Qg4+ Kb8 18. d6 Qa6 19. dxe7 Bxe7 20. Bf4+ Nd6 21. Nd5 Rhe8 22. Rfe1 Qa7 23. Qg3 1-0

[Event "Filadelfia op 1st"]
[Site "Filadelfia"]
[Date "2009.12.06"]
[Round "3"]
[White "Carbone, Edoardo"]
[Black "Paragliola, Gennaro"]
[Result "1-0"]
[WhiteElo "1569"]
[BlackElo "1606"]
[PlyCount "63"]
[EventDate "2009.12.05"]
[EventType "swiss"]
[EventRounds "7"]
[EventCountry "ITA"]
[SourceTitle "EXT 2012"]
[Source "ChessBase"]
[SourceDate "2011.11.24"]
[SourceVersion "1"]
[SourceVersionDate "2011.11.24"]
[SourceQuality "1"]

1. e4 g6 2. d4 d6 3. Nc3 Bg7 4. Be3 Nf6 5. f3 0-0 6. Qd2 e5 7. d5 c6 8. Bc4 cxd5 9. Nxd5 Be6 10. Nxf6+ Bxf6 11. Bxe6 fxe6 12. 0-0-0 Be7 13. Kb1 Nc6 14. Nh3 Qa5 15. Qd3 Rac8 16. Qb3 Kf7 17. Rhf1 Qb4 18. Qxb4 Nxb4 19. c3 Na6 20. Ng5+ Bxg5 21. Bxg5 Rc6 22. Rd2 Nc7 23. Rfd1 Ne8 24. f4 exf4 25. Bxf4 Ke7 26. Bg5+ Nf6 27. e5 dxe5 28. Rd7+ Ke8 29. Rd8+ Kf7 30. Rxf8+ Kxf8 31. Bxf6 Rc7 32. Bxe5 1-0